| 000 | 00847nas a2200289 4500 | ||
|---|---|---|---|
| 001 | BR0000530 | ||
| 003 | BR-BrBNA | ||
| 005 | 20231205101647.0 | ||
| 007 | ta | ||
| 008 | 230509b bl.|||p| |||| 00| 00por d | ||
| 040 |
_aBR-BrBNA _bpor _cBiblioteca Nacional de Agricultura |
||
| 041 | _a(Pt) | ||
| 072 | _aF01; P30 | ||
| 100 | 1 | _aMartha Junior, G.B. | |
| 100 | 1 | _aCorsi, M. | |
| 100 | 1 | _aMaule, R.F. | |
| 100 | 1 | _aTrivelin, P.C.O. | |
| 100 | 1 | _aRovari, R. | |
| 100 | 1 | _aPassoni Junior, J.C. | |
| 245 | 1 | _aMetodos de determinacao da area basal de uma pastagem de capim-Elefante | |
| 650 | _aCapim Elefante | ||
| 650 | _aArea Basal | ||
| 650 | _aPastagem | ||
| 773 | 0 |
_tScientia Agricola (Brazil) _xISSN 0103-9016 _g(Jul-Sep 1999), v. 56(3) p. 645-649 _wBR0000530 |
|
| 909 |
_a202311 _bLúcia _c55 _dLúcia Elande |
||
| 942 |
_2AGRIS _n0 _cANA |
||
| 999 |
_c163090 _d163090 |
||